00934nam a2200241 a 450000100100000000500170001000800410002702000150006804000250008308200210010810000330012924501380016226000630030030000210036350000700038450400310045465000240048565000270050965000360053665100260057265100460059870000480064400002157120250606121936.0100909s2007 pr 000 0 spa d a1932271872 aDO-SdBNPbspacBNPHU a306.97295bR175p1 aRamos Méndez, Mariod1960-10aPosesión del ayer :bla nacionalidad cultural en la estadidad /cMario Ramos Méndez ; prólogo Juan Manuel García Passalacqua. aSan Juan, Puerto RicoaSanto Domingo :bIsla Negra,c2007. a209 p. :b24 cm. aIncluye datos biográficos del autor en la solapa de la cubierta aBibliografía: p.195-209. 0aIdentidad nacional  4aNacionalismo y cultura 4aIdentidad culturalzPuerto Rico 4aPuerto RicoxHistoria 4aPuerto RicoxCaracterísticas Nacionales1 aGarcía Passalacqua, Juan Manuel,epról.